Представление документа в формате RUSMARC

ПолеНазваниеЗначение
  Тип записи a
  Библиографический уровень m
001 Контрольный номер RU/SLIB/B/208730277
005 Дата корректировки 20210325115258.5
010 Индекс ISBN __
a ISBN 5-85639-250-7
d Цена 205-18
101 Язык документа 0_
a Язык текста rus
c Язык оригинала rus
200 Заглавие и сведения об ответственности 1_
a Заглавие Гражданское право
e Сведения, относящиеся к заглавию учеб. для студентов вузов
f Первые сведения об ответственности отв. ред. Е. А. Суханов
b Общее обозначение материала Текст
h Номер части Т. 1
205 Сведения об издании __
a Основные сведения об издании 2-е изд., перераб., доп.
210 Выходные данные 1_
a Место издания М.
c Издательство БЕК
d Дата издания 2000
215 Физическое описание __
a Объем 816 с.
320 Библиография __
a Библиография Алф.-предм. указ.: 751-785
330 Аннотация __
a Аннотация В данном томе освещаются общие положения о гражданском праве, учение о гражданском правоотношении, проблемы осуществления и защиты, гражданских прав. Подробно рассматриваются система и содержание видов и форм собственности и вещно-правовых форм их реализации; право наследования собственности граждан; личные имущественные права граждан и юридических лиц.
606 Тематические рубрики __
a Основная рубрика Гражданское право в целом
a Основная рубрика Наследственное право
a Основная рубрика Право
a Основная рубрика Право собственности и другие вещные права
a Основная рубрика Правовая охрана интеллектуальной собственности
a Основная рубрика Финансовое право
y Географическая подрубрика Россия
610 Ключевые слова 0_
a Ключевые слова гражданство; патентное право; авторское право; имущественное право; ценные бумаги; частное право; правовые системы; имущество; методология; законодательство; хозяйственная деятельность; международные договоры; исполнительная власть; правоотношения; субъекты правоотношений; объекты правоотношений; физические лица; граждане; дееспособность; предпринимательская деятельность; опека; попечительство; юридические лица; товарные биржи; акционерные общества; товарищества; ответственность; артели; кооперативы; коммерческие организации; фонды; учреждения; партнерство; деньги; сделки; обязанности; законность; сотрудничество; доверенности; защита; гражданско-правовая ответственность; собственность; частная собственность; предприниматели; завещания; наследство; муниципальная собственность; публичная собственность; приватизация; общая собственность; долевая собственность; вещное право; интеллектуальная собственность
686 Индексы других классификаций __
a Классификационный индекс 67.404(2Рос)я73 ; ст67.404я73
702 Вторичная интеллектуальная ответственность _1
a Фамилия Суханов
b Имя Е. А.
4 Код отношения Редактор
4 Код отношения 340
801 Источник записи _0
a Страна RU
b Организация Муниципальное бюджетное учреждение культуры "Централизованная библиотечная система" г. Сургут (Центральная городская библиотека им. А. С. Пушкина)
g Правила каталогизации КиК/Поспелова
801 Источник записи _1
a Страна RU
b Организация Муниципальное бюджетное учреждение культуры "Централизованная библиотечная система" г. Сургут (Центральная городская библиотека им. А. С. Пушкина)
g Правила каталогизации КиК/Поспелова
852 Данные о местонахождении __
j Шифр хранения 67.404(2Рос)я73
c Каталожный индекс 67.404(2Рос)я73
i Авторский знак Г 75
901 Тип документа 1_
t Тип документа m
903 Характеристики (МАРС) __
a Дата передачи 20021106
969 Тип издания __
a Тип издания учебник
990 Данные о заказе (DOS) __
j Количество экземпляров (DOS) 1
t N записи в КСУ для И/У (DOS) 200211